| 000 | 00442nam a22001817a 4500 | ||
|---|---|---|---|
| 003 | MPLRDC | ||
| 005 | 20220104113516.0 | ||
| 008 | 210129b ||||| |||| 00| 0 eng d | ||
| 082 | _a548.8 BY | ||
| 100 | _a柏杨 | ||
| 245 |
_a金三角. 边区. 荒城 _c |
||
| 250 | _a六版 | ||
| 260 |
_a _b时报文化出版事业有限 _c1984 |
||
| 300 | _b平 | ||
| 490 | _a时报书系. 390 | ||
| 650 | _a其他社会病态 | ||
| 942 |
_cBK _o548.8 BY |
||
| 999 |
_c190 _d180 |
||